Дело о выкупе земельных наделов временнообязанными крестьянами А.Н. Мухортовой деревни Вышней Моховицы Болховского уезда Орловск...

Доступно только в Электронных читальных залах Найти на картеНа карте
RUSMARC
00004122nmc2a2200000 x 450
001ce4c87ee-6e61-48a8-a873-17003d544885
00520170124183227.0
100##$a20140324l18681869k l0rusy0189 ca
1010#$arus
102##$aRU
2001#$aДело о выкупе земельных наделов временнообязанными крестьянами А.Н. Мухортовой деревни Вышней Моховицы Болховского уезда Орловской губернии
$j1 июля 1868 г. - 12 февраля 1869 г.
251##$cДело
300##$aДело
300##$aОриг. заголовок дела: Дело Мухортовой А.Н. Орловской губернии Болховского уезда деревни Вышней Моховицы (Кошелевой). 1 июля 1868 г. - 12 февраля 1869 г
801#0$aRU
$bРГИА
$c20140324
$gRCR
801#1$aRU
$bГлавНИВЦ
$c20140324
$2rusmarc
801#2$aRU
$bПБ им. Б.Н. Ельцина
$c20170124
$gRCR
$2rusmarc
850##$aРГИА
852##$aРГИА
$eФедеральное казенное учреждение "Российский государственный исторический архив" (РГИА)
$j142
937##$hРГИА
$d11024270
$aASBIBLIO_SCAN
462#0$10012327ab3a-0548-404e-b4cb-e37355ac5039
$12001
$a1863-1889 гг.
$1251
$cОпись
$1852
$j26
461#0$10018ef30ad5-ff5c-4840-a721-74c62a200f95
$12001
$aГлавное выкупное учреждение Министерства финансов
$1251
$cФонд
$1852
$j577
215##$a36 л.
$d36,5х26 см
371##$aДокумент не является опубликованным и широко распространяемым
105##$ay###
1222#$ad
5171#$aДело Мухортовой А.Н. Орловской губернии Болховского уезда деревни Вышней Моховицы (Кошелевой). 1 июля 1868 г. - 12 февраля 1869 г.
035##$ace4c87ee-6e61-48a8-a873-17003d544885
856##$uhttp://readingroom.main.prlib.ru/item.aspx?id_node=n94853101&mode=full
Формат отображения